| 000 | 00539nam a2200193Ia 4500 | ||
|---|---|---|---|
| 008 | 151121s9999||||xx |||||||||||||| ||und|| | ||
| 082 | _a833/भूषण | ||
| 082 | _bHNW-47400 | ||
| 100 | _aभूषण ब्रज | ||
| 245 | _aमंगलोदय | ||
| 260 | _bकिताबघर न। दिल्ली। | ||
| 260 | _c-- | ||
| 300 | _a267 | ||
| 600 | _aभूषण ब्रज | ||
| 630 | _aमंगलोदय | ||
| 700 | _aभूषण ब्रज | ||
| 730 | _aमंगलोदय | ||
| 942 | _cBOOK | ||
| 999 |
_c1233485 _d1233482 |
||